000 00551nam a22001817a 4500
005 20231106153148.0
008 231106b |||||||| |||| 00| 0 eng d
020 _a978-81-937669-1-0
041 _aeng
082 _a630
100 _aSUNDA, DR. NEMRAJ
_98237
245 _aA COMPETITIVE BOOK OF AGRICULTURE: For AR/SRF/JRF pre PH.D Entrance Examination UPSE, PSCs and Interview of all agriculture service
250 _a12th. ed. 2 023
260 _aJAIPUR
_bSURAHEE PUBLICATIONS
_c2023
300 _a449;p
650 _aAGRICULTURE
942 _cBK
999 _c8463
_d8461